1188 1152 1043 1789 1669 1962 1643 1160 1280 1907 1360 1130 1251 1182 1023 1712 1705 1211 1029 1632 1108 1130 1216 1341 1375 1381 1338 1727 1991 1003 1079 1226 1579 1532 1438 1307 1758 1298 1729 1471 1888 1839 1363 1815 1475 1368 1533 1339 1032 1721 1034 1017 1466 1766 1956 1297 1088 1067 1702 1806 1700 1732 1769 1345 1941 1272 1093 1768 1605 1754 1770 1403 1187 1310 1352 1066 1290 1284 1869 1860 1695 1785 1421 1347 1085 1586 1151 1715 1459 1227 1141 1862 1091 1490 1775 1769 1481 1256 1105 BCNSPRNW ULIB Ver.6.0+V

เปลี่ยนเป็นภาษาไทย

Change to English
 แสดงรายละเอียดบรรณานุกรม
  กลับหน้าหลัก

Brief Record : Get Marc (ISO 2709) : E-mail record : QR code < ปิดหน้าต่าง
LEADER : 00000nam 2200000uu 4500
001    13399122270
003     ULIB
008    130123s2555||||th 000 0 tha d
060 04 ^aWA541.JT3^bผ932
110    ^aสำนักนโนบายและยุทธศาสตร์ สำนักงานปลัดกระทรวงสาธารณสุข
245 00 ^aแผนพัฒนาสุขภาพแห่งชาติ ในช่วงแผนพัฒนาเศรษฐกิจและสังคมแห่งชาติ ฉบับที่ 11 (พ.ศ.2555 - 2559) /^c[คณะกรรมการอำนวยการจัดทำแผนพัฒนาสุขภาพแห่งชาติ ]
260    ^a[นนทบุรี] :^bโรงพิมพ์องค์การสงเคราะห์ทหารผ่านศึก ในพระบรมราชูปถัมภ์,^c2555
650  4 ^aนโยบายด้านสุขภาพ
650  4 ^aแผนพัฒนาสุขภาพแห่งชาติ
710 2  ^aสำนักนโนบายและยุทธศาสตร์ สำนักงานปลัดกระทรวงสาธารณสุขกระทรวงสาธารณสุข.
710    ^aคณะกรรมการอำนวยการจัดทำแผนพัฒนาสุขภาพแห่งชาติฉบับที่ 11 พ.ศ.2555 - 2559 กระทรวงสาธารณสุข
856    ^a^zแผนพัฒนาสุขภาพแห่งชาติ ฉบับที่ 11.pdf (Fulltext)^uhttp://113.53.232.221:80/UlibM//_fulltext/fulltext/13399122107/20121226141111_1414.pdf
945    ^p0^l0^i19780
945    ^p0^l0^i19781
945    ^p0^l0^i19782
995    ^aทศพร
999    ^aทศพร เกษรทอง
รายการนี้ยังไม่มีแท็ก
คุณยังไม่ได้ล็อกอิน คุณสามารถมีกิจกรรมร่วมกับเว็บไซต์ได้ แต่ต้องล็อกอินก่อน ::
  ล็อกอิน

รายการสื่อสารสนเทศ

ลำดับที่ ประเภท เลขเรียก/บาร์โค้ด สถานที่ สถานะ
1. วิทยาศาสตร์การแพทย์ และสุขภาพ
วิทยาศาสตร์การแพทย์ และสุขภาพ
สถานะ=หนังสือเก่า
WA541.JT3 ผ932 ฉ.1 
  Barcode: 19780
ห้องสมุดวิทยาเขตนครสวรรค์
►ส่วนจัดเก็บหนังสือเก่า นว.
บนชั้น
  ขอยืม
2. วิทยาศาสตร์การแพทย์ และสุขภาพ
วิทยาศาสตร์การแพทย์ และสุขภาพ
สถานะ=หนังสือเก่า
WA541.JT3 ผ932 ฉ.2 
  Barcode: 19781
ห้องสมุดวิทยาเขตนครสวรรค์
►ส่วนจัดเก็บหนังสือเก่า นว.
บนชั้น
  ขอยืม
3. วิทยาศาสตร์การแพทย์ และสุขภาพ
วิทยาศาสตร์การแพทย์ และสุขภาพ
สถานะ=หนังสือเก่า
WA541.JT3 ผ932 ฉ.3 
  Barcode: 19782
ห้องสมุดวิทยาเขตนครสวรรค์
►ส่วนจัดเก็บหนังสือเก่า นว.
บนชั้น
  ขอยืม

รายการใกล้เคียง
    หัวเรื่อง [นโยบายด้านสุขภาพ]
    หัวเรื่อง [แผนพัฒนาสุขภาพแห่งชาติ]

BibComment


ยังไม่เคยถูกคอมเมนท์

คอมเมนท์ทรัพยากรรายการนี้
  คอมเมนท์: แผนพัฒนาสุขภาพแห..


 Copyright 2026. Bcnsprnw @Library